[Event "Ruhrgebiet Verbandsliga Gruppe 2 1415"]
[Site "Germany"]
[Date "2015.03.01"]
[Round "7.7"]
[White "Dezent, Ilya"]
[Black "Fistoul, Michail"]
[Result "0-1"]
[WhiteElo "1791"]
[BlackElo "2023"]
[PlyCount "144"]
[EventDate "2014.09.21"]
[EventType "team-tourn"]
[EventRounds "9"]
[EventCountry "GER"]
[SourceTitle "EXT 2022"]
[Source "ChessBase"]
[SourceDate "2021.10.06"]
[SourceVersion "1"]
[SourceVersionDate "2021.10.06"]
[SourceQuality "1"]
[WhiteTeam "Muelheim Nord IV"]
[BlackTeam "Bochum SG III"]
[WhiteTeamCountry "GER"]
[BlackTeamCountry "GER"]

1. d4 e6 2. c4 f5 3. h3 Nf6 4. g4 Bb4+ 5. Nc3 Ne4 6. Qd3 b6 7. gxf5 exf5 8. Nf3 Bb7 9. Rg1 Qe7 10. Bd2 Na6 11. a3 Bxc3 12. Bxc3 0-0-0 13. Nd2 f4 14. Bg2 Nxc3 15. Qxc3 Rde8 16. Bxb7+ Kxb7 17. Qf3+ c6 18. 0-0-0 g5 19. Qg4 h6 20. Nf3 d6 21. Rde1 Qf7 22. Kb1 Re7 23. h4 Qxc4 24. hxg5 hxg5 25. Qxg5 Qf7 26. Rg4 Rhe8 27. Rxf4 Qh7+ 28. Qf5 Qxf5+ 29. Rxf5 Rxe2 30. Rf7+ Nc7 31. Rxe2 Rxe2 32. Ng5 Kc8 33. f4 Ne6 34. Re7 Nxf4 35. Rxe2 Nxe2 36. Nf3 Kd7 37. Kc2 Ke6 38. Kd3 Nf4+ 39. Ke4 Nd5 40. Ng5+ Kf6 41. Nf3 b5 42. Ne1 a5 43. Nc2 Ke6 44. Ne1 Nb6 45. b3 Nd5 46. Nc2 a4 47. b4 Nb6 48. Ne3 Nc4 49. Nc2 Nd2+ 50. Kd3 Nb1 51. Ke4 Nc3+ 52. Kd3 Nd5 53. Ke4 Kf6 54. Ne1 Nc3+ 55. Kd3 Nb1 56. Nc2 d5 57. Ke3 Kf5 58. Kf3 Nd2+ 59. Ke3 Nc4+ 60. Kf3 Nd6 61. Ne3+ Kg5 62. Kg3 Ne4+ 63. Kf3 Nd2+ 64. Kg3 Nb1 65. Nc2 Nc3 66. Ne3 Ne2+ 67. Kf3 Nxd4+ 68. Kg3 Nf5+ 69. Kf3 Nxe3 70. Kxe3 Kf5 71. Kd4 Ke6 72. Kc5 Kd7 0-1

[Event "Dortmund Sparkassen op-B"]
[Site "Dortmund"]
[Date "2011.07.31"]
[Round "9"]
[White "Dezent, Ilya"]
[Black "Benning, Martin"]
[Result "1/2-1/2"]
[WhiteElo "1634"]
[BlackElo "1531"]
[PlyCount "92"]
[EventDate "2011.07.23"]
[EventType "swiss"]
[EventRounds "9"]
[EventCountry "GER"]
[SourceTitle "EXT 2013"]
[Source "ChessBase"]
[SourceDate "2012.11.22"]
[SourceVersion "1"]
[SourceVersionDate "2012.11.22"]
[SourceQuality "1"]

1. d4 Nf6 2. c4 g6 3. Nc3 Bg7 4. e4 d6 5. f4 0-0 6. Nf3 Nbd7 7. Be2 a6 8. 0-0 Qe8 9. e5 dxe5 10. fxe5 Ng4 11. Ng5 Ngxe5 12. dxe5 Nxe5 13. Bf4 Qc6 14. Nd5 Re8 15. Bxe5 Bxe5 16. Nxf7 Bg7 17. Kh1 Bf5 18. Bg4 Kxf7 19. Bxf5 gxf5 20. Rxf5+ Bf6 21. Qh5+ Kg7 22. Qg4+ Kh8 23. Rh5 Rg8 24. Qf5 Rg7 25. Rh6 Rag8 26. Qc2 Rg6 27. Rh3 R8g7 28. Rf1 Kg8 29. Rf2 Qe6 30. Re3 Qc6 31. Qe2 Qc5 32. Nxf6+ Rxf6 33. Rxf6 exf6 34. Re8+ Kf7 35. Qe6+ Kg6 36. Qg4+ Qg5 37. Qe4+ Qf5 38. Kg1 Qxe4 39. Rxe4 Kf5 40. Re2 Rd7 41. Kf2 Kg5 42. b3 f5 43. a3 Kf6 44. Kf3 Rd3+ 45. Re3 Rxe3+ 46. Kxe3 c5 1/2-1/2

[Event "Dortmund Sparkassen op-B"]
[Site "Dortmund"]
[Date "2011.07.30"]
[Round "8"]
[White "Hlopotov, Nikita"]
[Black "Dezent, Ilya"]
[Result "1/2-1/2"]
[WhiteElo "1400"]
[BlackElo "1634"]
[PlyCount "99"]
[EventDate "2011.07.23"]
[EventType "swiss"]
[EventRounds "9"]
[EventCountry "GER"]
[SourceTitle "EXT 2013"]
[Source "ChessBase"]
[SourceDate "2012.11.22"]
[SourceVersion "1"]
[SourceVersionDate "2012.11.22"]
[SourceQuality "1"]

1. e4 c5 2. Nf3 Nc6 3. d4 cxd4 4. Nxd4 a6 5. Nxc6 bxc6 6. Bc4 e6 7. 0-0 g6 8. Qd4 Qf6 9. e5 Qd8 10. Bf4 Bg7 11. Nd2 d5 12. Bb3 h6 13. c4 Ne7 14. Rad1 Qa5 15. Nf3 0-0 16. Bd2 Qd8 17. Qh4 Nf5 18. Qh3 Kh7 19. g4 Ne7 20. Bc2 Rh8 21. Qh4 Kg8 22. Bb4 Ra7 23. Nd4 Bxe5 24. Bxe7 Qxe7 25. Qxe7 Rxe7 26. Nxc6 Bf6 27. Nxe7+ Bxe7 28. cxd5 exd5 29. Rxd5 Bxg4 30. Bd3 Kg7 31. Bxa6 Ra8 32. Bc4 Be6 33. Re1 Bxd5 34. Bxd5 Ra7 35. b3 Rd7 36. Bc4 Bc5 37. a4 Bb4 38. Re5 Ra7 39. Rb5 Bc3 40. Kg2 Bd4 41. a5 Bc3 42. b4 Bxb4 43. Rxb4 Rxa5 44. Rb7 Rf5 45. Kg3 Rg5+ 46. Kf3 Rf5+ 47. Ke3 g5 48. f3 Rf6 49. Bd5 Rf5 50. Rd7 1/2-1/2

[Event "Dortmund Sparkassen op-B"]
[Site "Dortmund"]
[Date "2011.07.29"]
[Round "7"]
[White "Dezent, Ilya"]
[Black "Grunwald, Guenther"]
[Result "0-1"]
[WhiteElo "1634"]
[BlackElo "1691"]
[PlyCount "134"]
[EventDate "2011.07.23"]
[EventType "swiss"]
[EventRounds "9"]
[EventCountry "GER"]
[SourceTitle "EXT 2013"]
[Source "ChessBase"]
[SourceDate "2012.11.22"]
[SourceVersion "1"]
[SourceVersionDate "2012.11.22"]
[SourceQuality "1"]

1. d4 d5 2. c4 dxc4 3. e4 e5 4. Nf3 exd4 5. Bxc4 Bb4+ 6. Nbd2 Nc6 7. Qb3 Nh6 8. Bb5 Bd7 9. Bxc6 Bxd2+ 10. Bxd2 Bxc6 11. Bxh6 gxh6 12. 0-0-0 Qe7 13. Rxd4 Rd8 14. Qe3 Qc5+ 15. Kb1 Rxd4 16. Qxd4 Qxd4 17. Nxd4 Bxe4+ 18. Kc1 0-0 19. Re1 Bd5 20. a3 Be6 21. g3 a6 22. f4 Bg4 23. Nb3 Rd8 24. Nd2 h5 25. Ne4 Kg7 26. Nc5 Bf3 27. Nb3 Kf6 28. Nd2 Bc6 29. Ne4+ Kg6 30. Nc3 Bf3 31. Re3 Bc6 32. Re1 Re8 33. Rd1 Kf5 34. Nd5 Re2 35. Rd2 Rxd2 36. Ne3+ Ke4 37. Kxd2 h4 38. Ke2 hxg3 39. hxg3 h5 40. f5 Bd7 41. f6 Ke5 42. Kf3 Bc6+ 43. Kf2 Kxf6 44. Nc2 Kg5 45. Nd4 Bd5 46. Ne2 Bc4 47. Nc3 Kg4 48. Nd1 Be6 49. Ne3+ Kg5 50. Ng2 Kf6 51. Nf4 Kg5 52. Ng2 b5 53. b4 c6 54. Ne1 Kf6 55. Nd3 Bc8 56. Nf4 Ke5 57. Ke3 Bg4 58. Kd3 h4 59. Ke3 hxg3 60. Ng2 f5 61. Nf4 Kf6 62. Ng2 Bh3 63. Nf4 Bf1 64. Kf3 g2 65. Nxg2 Bxg2+ 66. Kxg2 Ke5 67. Kf2 Kd4 0-1

[Event "Dortmund Sparkassen op-B"]
[Site "Dortmund"]
[Date "2011.07.26"]
[Round "4"]
[White "Ishar, Bing"]
[Black "Dezent, Ilya"]
[Result "0-1"]
[WhiteElo "1510"]
[BlackElo "1634"]
[PlyCount "66"]
[EventDate "2011.07.23"]
[EventType "swiss"]
[EventRounds "9"]
[EventCountry "GER"]
[SourceTitle "EXT 2013"]
[Source "ChessBase"]
[SourceDate "2012.11.22"]
[SourceVersion "1"]
[SourceVersionDate "2012.11.22"]
[SourceQuality "1"]

1. d4 Nf6 2. c4 g6 3. Nc3 Bg7 4. e4 d6 5. Nf3 0-0 6. Be2 Na6 7. 0-0 e5 8. Re1 Qe8 9. d5 Bd7 10. a3 Nc5 11. Qc2 a5 12. a4 b6 13. Be3 Ng4 14. Bxc5 dxc5 15. h3 Nh6 16. Rad1 f6 17. b3 Nf7 18. Bd3 Nd6 19. Nb5 Bxb5 20. cxb5 Qf7 21. Qe2 Rae8 22. Rf1 Kh8 23. Kh1 Bh6 24. Qb2 Qg7 25. Nh2 f5 26. f3 Bf4 27. g4 fxe4 28. Bxe4 Qh6 29. Qg2 Nf7 30. Qf2 Qxh3 31. Qg2 Qh6 32. Rd3 Ng5 33. Kg1 Nxe4 0-1

[Event "Dortmund Sparkassen op-B"]
[Site "Dortmund"]
[Date "2011.07.24"]
[Round "2"]
[White "Schorr, Joerg"]
[Black "Dezent, Ilya"]
[Result "0-1"]
[WhiteElo "1937"]
[BlackElo "1634"]
[PlyCount "92"]
[EventDate "2011.07.23"]
[EventType "swiss"]
[EventRounds "9"]
[EventCountry "GER"]
[SourceTitle "EXT 2013"]
[Source "ChessBase"]
[SourceDate "2012.11.22"]
[SourceVersion "1"]
[SourceVersionDate "2012.11.22"]
[SourceQuality "1"]

1. d4 Nf6 2. c4 g6 3. g3 Bg7 4. Bg2 d6 5. Nf3 0-0 6. 0-0 Nc6 7. Nc3 a6 8. b3 Rb8 9. a4 Na5 10. Bb2 c5 11. d5 Bd7 12. Qc2 b5 13. axb5 axb5 14. Ne4 Nxe4 15. Bxg7 Kxg7 16. Qxe4 Nxb3 17. Rab1 Bf5 18. Qe3 Bxb1 19. Rxb1 bxc4 20. Qc3+ Nd4 21. Rxb8 Qxb8 22. Nxd4 Qb1+ 23. Bf1 cxd4 24. Qxd4+ Kg8 25. Qxc4 Ra8 26. Kg2 Ra1 27. e3 Qb2 28. Qh4 Qe5 29. Qc4 Qb2 30. Qh4 Qc1 31. Bb5 Qh1+ 32. Kh3 Qxd5 33. Bc4 Qf5+ 34. Kg2 Qe5 35. Qg4 Kg7 36. Qf3 e6 37. Be2 Ra4 38. Bd1 Rb4 39. Bc2 Rc4 40. Bd3 Rc3 41. Bb1 Qc5 42. Qf4 Rc4 43. e4 Qd4 44. Qg5 h6 45. Qa5 Rb4 46. Bd3 Rb2 0-1